| 000 | 01232nam0a2200313 4500 | ||
|---|---|---|---|
| 001 | RU\NLR\bibl\1386488 | ||
| 005 | 20250615195145.0 | ||
| 010 |
_a978-5-91657-041-0 _93000 |
||
| 021 |
_aRU _b2009-33440 _92016 |
||
| 035 | _a(NLR Aleph) 001378551 | ||
| 090 |
_a1087221 _c1087221 |
||
| 100 | _a20090624d2009 |||y0rusy50 ca | ||
| 101 | 1 |
_arus _ceng |
|
| 102 | _aRU | ||
| 105 | _ay ||||||||| | ||
| 200 | 1 |
_aИздержки - вниз, продажи - вверх _e78 проверенных способов увеличить вашу прибыль _fБоб Файфер _gпер. с англ. И. Петровской |
|
| 210 |
_aМосква _cМанн, Иванов и Фербер _d2009 |
||
| 215 |
_a157 с. _d21 |
||
| 225 | 1 |
_aХороший перевод! _v048 |
|
| 300 | _aЗагл. и авт. ориг.: Double your profits / Bob Fifer | ||
| 454 | 0 |
_12001#$aDouble your profits _1700#1$aFifer$bB.$gBob$4070 _tDouble your profits _aFifer, Bob |
|
| 606 | 1 |
_aПрибыль _xУправление _92082427 _3RU\NLR\auth\661258451 |
|
| 686 | _aУ5-864-21 | ||
| 700 | 1 |
_aФайфер _bБ. _gБоб _4070 |
|
| 801 | 0 |
_aRU _bNLR _c20090624 _gRCR |
|
| 801 | 1 |
_aRU _bNLR _c20090624 |
|
| 942 | _cBOOK | ||
| 980 | _aNB | ||